Open Data Biblioteca Nacional de Portugal


República Portuguesa: Ministério da Cultura
Biblioteca Nacional de Portugal

Catálogo da BNP: acesso por Identificadores Unívocos
Registos Bibliográficos associados ao registo de autoridade

Etiqueta de registo: 00254nam 2200025 450
001 2274291
003 http://id.bnportugal.gov.pt/bib/catbnp/2274291
010 ## $a978-989-9134-66-9
021 ## $aPT$b557572/25
100 ## $a20260302d2026 a y0pory01030103ba
101 1# $apor$cspa
102 ## $aPT
105 ## $aa z 000fy
106 ## $ar
200 1# $a A guerra de Nico$fJosan Hatero$gil. Inma Almansa$gtrad. Delfim Santos
205 ## $a1ª ed
210 #9 $aPorto$cSalesianos,$d2026
215 ## $a135 p.$cil.$d20 cm
304 ## $aTít. orig.: La guerra de Nico
675 ## $a087.5$vBN$zpor$3287999
675 ## $a821.134.2-93"20"$vBN$zpor$31261809
700 #1 $aHatero,$bJosan,$f1970-$31988300
702 #1 $aAlmansa,$bInma$4440$31988304
702 #1 $aSantos,$bDelfim$4730$31225411
801 #0 $aPT$bBN$gRPC
856 41 $uhttp://rnod.bnportugal.gov.pt/ImagesBN/winlibimg.aspx?skey=&doc=2274291&img=220636&save=true
900 ## $aBIBNAC$d20260406
966 ## $lBN$mFGMON$sP. 30878 P.$x1
966 ## $lBN$mFGMON$sP. 30878 P.-D$x1
971 ## $cabrito$d20260302
972 ## $e0$z0$d20260406$vlrevez
973 ## $csteixeira$d20260324

OpendataBNP@bnportugal.pt | Mais informação sobre acesso aos dados BNP